| 000 | 00713cam a22002054a 4500 | ||
|---|---|---|---|
| 020 | _a0471690635 (cloth) | ||
| 040 | _cDLC | ||
| 082 | 0 | 0 | _a658 WIL 2005 A041 Or. |
| 100 | 1 | _aBenjamin, Gerald. | |
| 245 | 1 | 0 |
_aAngel capital : _bhow to raise early-stage private equity financing / |
| 260 |
_aHoboken, N.J. : _bWiley, _cc2005. |
||
| 300 |
_axxxix, 373 p. : _bill. ; _c24 cm. |
||
| 650 | 0 | _aAngels (Investors) | |
| 650 | 0 | _aVenture capital. | |
| 700 | 1 | _aMargulis, Joel, | |
| 856 | 4 | 1 | _uhttp://www.loc.gov/catdir/toc/ecip0422/2004019938.html |
| 856 | 4 | 2 | _uhttp://www.loc.gov/catdir/enhancements/fy0616/2004019938-b.html |
| 856 | 4 | 2 | _uhttp://www.loc.gov/catdir/enhancements/fy0616/2004019938-d.html |
| 942 | _cEK | ||
| 999 |
_c12381 _d12381 |
||